000 00401cam a2200157ua 4500
003 OSt
008 250527b |||||||| |||| 00| 0 eng d
041 _aeng
082 _a624.17
_bRAJ/PR
100 _aRajaraman, S.
_97506
245 _aProblems in strength of materials /
250 _a5 /
260 _aThrissur :
_bNeo Saraswathi(Elec) Printing works ,
_c1958.
300 _a154 ; .
942 _cBK
999 _c9371
_d9371